000 00731nam a2200289Ia 4500
005 20260324115924.0
008 008 260324s9999 xx 000 0 eng d
020 _a9780429154218
037 _aEBOOK
040 _aCRL
040 _beng
040 _cCRL
041 _2eng
041 _aeng
084 _qCRL
100 _aCecilia I. A. V. Santos; Gennady E. Zaikov; Ana C. F. Ribeiro
_91156522
245 0 _aChemical Analysis
245 0 _bModern Materials Evaluation and Testing Methods
260 _bTaylor and Francis
260 _c2016
365 _a
365 _b280
856 _uhttp://www.taylorfrancis.com/books/9780429154218
942 _cEBOOK
999 _c1747765
_d1747765